Statistics for NBA Finals Losers

Click here to take the quiz!

General Stats

  • This quiz has been taken 20,762 times
    (3,775 since last reset)
  • The average score is 28 of 77

Answer Stats

HintAnswer% Correct
2023Miami Heat
99%
2022Boston Celtics
95%
2020Miami Heat
91%
2021Phoenix Suns
91%
2018Cleveland Cavaliers
90%
2017Cleveland Cavaliers
90%
2019Golden State Warriors
90%
2016Golden State Warriors
90%
2015Cleveland Cavaliers
88%
2014Miami Heat
85%
2013San Antonio Spurs
82%
2011Miami Heat
79%
2010Boston Celtics
72%
2012Oklahoma City Thunder
70%
2008Los Angeles Lakers
67%
2009Orlando Magic
58%
2004Los Angeles Lakers
57%
2007Cleveland Cavaliers
53%
1998Utah Jazz
52%
1997Utah Jazz
51%
2006Dallas Mavericks
49%
2005Detroit Pistons
47%
2001Philadelphia 76ers
47%
1991Los Angeles Lakers
42%
2002New Jersey Nets
42%
2003New Jersey Nets
42%
1993Phoenix Suns
40%
1996Seattle Supersonics
40%
1995Orlando Magic
39%
2000Indiana Pacers
37%
1989Los Angeles Lakers
36%
1999New York Knicks
36%
1994New York Knicks
36%
1992Portland Trailblazers
36%
1987Boston Celtics
34%
1984Los Angeles Lakers
32%
1985Boston Celtics
31%
1983Los Angeles Lakers
31%
1988Detroit Pistons
26%
1982Philadelphia 76ers
23%
1990Portland Trailblazers
23%
1986Houston Rockets
22%
1968Los Angeles Lakers
20%
1966Los Angeles Lakers
20%
1963Los Angeles Lakers
19%
1965Los Angeles Lakers
19%
1969Los Angeles Lakers
19%
1980Philadelphia 76ers
19%
1962Los Angeles Lakers
18%
1970Los Angeles Lakers
18%
1981Houston Rockets
17%
1973Los Angeles Lakers
16%
1959Minneapolis Lakers
16%
1958Boston Celtics
14%
1972New York Knicks
13%
1979Washington Bullets
13%
1977Philadelphia 76ers
12%
1967San Francisco Warriors
12%
1964San Francisco Warriors
12%
1974Mikwawkee Bucks
10%
1960St. Louis Hawks
10%
1957St. Louis Hawks
10%
1961St. Louis Hawks
10%
1976Phoenix Suns
9%
1978Seattle Supersonics
9%
1975Washington Bullets
9%
1971Washington Bullets
9%
1953New York Knicks
7%
1952New York Knicks
7%
1951New York Knicks
7%
1948Philadelphia Warriors
7%
1956Fort Wayne Pistons
6%
1955Fort Wayne Pistons
6%
1954Syracuse Nationals
6%
1950Syracuse Nationals
6%
1947Chicago Stags
4%
1949Washington Capitols
2%

Score Distribution

Percentile by Number Answered

Percent of People with Each Score

Your Score History

You have not taken this quiz since the last reset